Qu' est-ce que penser?

Saved in:
Bibliographic Details
Main Author: Gaudet, Pascal
Format: Book
Language:French
Published: Paris; Budapest : L'Harmattan, [c2003]
Series:Collection L'ouverture philosophique
Subjects:
Tags: Add Tag
No Tags, Be the first to tag this record!

MARC

LEADER 00000nam a2200000 i 4500
001 1/33535
008 060811s2003 fre d
020 |a 2-7475-4957-7 
035 |l 10084974 
040 |a GR-MY-UA  |b gre  |e aacr 
041 0 |a fre 
082 0 |a 121  |2 (22) 
100 1 |a Gaudet, Pascal. 
245 1 0 |a Qu' est-ce que penser? /  |c Pascal Gaudet 
260 |a Paris; Budapest :   |b L'Harmattan,   |c [c2003] 
300 |a 89 σ.;  |c 22 εκ. 
490 1 |a Collection Ouverture philosophique 
504 |a Περιλαμβάνει βιβλιογραφικές αναφορές και ευρετήριο 
600 1 0 |a Kant, Immanuel,   |d 1724-1804. 
650 0 0 |a Knowledge, Theory of. 
650 0 0 |a Thought and thinking. 
650 0 0 |a Liberty. 
830 0 |a Collection L'ouverture philosophique 
852 |a INST  |b RHODES  |e 20060811  |h 121 GAU  |p 005400024423  |q 005400024423  |t BK  |y 0 
901 |a BIBL4-2006-2 
909 |a Ρ  |b 126807 
920 |a ΑΝΑΜΟΡΦΩΣΗ  |b ΕΠΕΑΕΚ ΙΙ-ΤΕΠΑΕΣ  |y ΡΟΔΟΣ  |z 2006-06 
970 |a ΚΟΖΑ  |b ΜΑΡΙΑ  |z 2006/08/11